00237nam a2200097Ia 4500008004100000020001500041100002400056245003600080260000900116300001400125171205s9999 xx 000 0 und d a9716010060 aDiaz, Celia Laurel. cLaurel, Celia Diaz.aDoy Laurel c2005 a337 pages